[Event "Veneto CIS Prom 5 55th"]
[Site "Meledo"]
[Date "2024.03.16"]
[Round "3.2"]
[White "Carraro, Riccardo"]
[Black "Pasin, Danilo"]
[Result "0-1"]
[WhiteElo "1792"]
[BlackElo "1693"]
[PlyCount "33"]
[EventDate "2024.03.15"]
[EventType "team-tourn"]
[EventRounds "5"]
[EventCountry "ITA"]
[SourceTitle "EXT 2025"]
[Source "ChessBase"]
[SourceDate "2024.10.14"]
[SourceVersion "1"]
[SourceVersionDate "2024.10.14"]
[SourceQuality "1"]
[WhiteTeam "Vicenza III"]
[BlackTeam "Meledo Berici III"]
[WhiteTeamCountry "ITA"]
[BlackTeamCountry "ITA"]

1. e4 c5 2. Nf3 d6 3. d4 cxd4 4. Nxd4 Nc6 5. Nc3 a6 6. a4 g6 7. Nxc6 bxc6 8. Qd4 Nf6 9. Bg5 Bg7 10. Qd2 Rb8 11. Rb1 Qa5 12. Bd3 Bb7 13. b4 Qc7 14. 0-0 0-0 15. Ne2 c5 16. Bxf6 Bxf6 17. c3 0-1

[Event "Dueville op-B 1st"]
[Site "Dueville"]
[Date "2023.06.03"]
[Round "3"]
[White "Gneo, Marco"]
[Black "Pasin, Danilo"]
[Result "1-0"]
[WhiteElo "1650"]
[BlackElo "1499"]
[PlyCount "61"]
[EventDate "2023.06.01"]
[EventType "swiss"]
[EventRounds "5"]
[EventCountry "ITA"]
[SourceTitle "EXT 2024"]
[Source "ChessBase"]
[SourceDate "2023.10.10"]
[SourceVersion "1"]
[SourceVersionDate "2023.10.10"]
[SourceQuality "1"]

1. Nf3 d5 2. c4 e6 3. b3 Nf6 4. Bb2 c6 5. g3 Nbd7 6. Bg2 Qb6 7. Qc2 Be7 8. 0-0 h6 9. Nc3 0-0 10. Rac1 Re8 11. d4 dxc4 12. bxc4 Bf8 13. e4 Nb8 14. Rfd1 Qa5 15. Ne2 b6 16. d5 cxd5 17. Bxf6 gxf6 18. cxd5 Bc5 19. Nfd4 Bb7 20. Nb3 Qb5 21. Nxc5 bxc5 22. Rb1 Qa6 23. dxe6 fxe6 24. Qb2 Bc6 25. Nf4 Kf7 26. Rd6 Qa4 27. Nd5 Qd4 28. Qxd4 cxd4 29. Nc7 Rg8 30. Nxa8 Bxa8 31. f4 1-0

[Event "Chioggia op-B 12th"]
[Site "Chioggia"]
[Date "2017.10.08"]
[Round "5"]
[White "Zucchini, Massimo"]
[Black "Pasin, Danilo"]
[Result "0-1"]
[WhiteElo "1372"]
[BlackElo "1498"]
[PlyCount "59"]
[EventDate "2017.10.06"]
[EventType "swiss"]
[EventRounds "5"]
[EventCountry "ITA"]
[SourceTitle "EXT 2022"]
[Source "ChessBase"]
[SourceDate "2021.10.06"]
[SourceVersion "1"]
[SourceVersionDate "2021.10.06"]
[SourceQuality "1"]

1. e4 e5 2. Nf3 Nc6 3. Bc4 d6 4. c3 Nf6 5. d3 a6 6. 0-0 Be7 7. Bb3 b5 8. Bc2 a5 9. d4 exd4 10. cxd4 Bb7 11. Re1 0-0 12. a3 Re8 13. Nc3 b4 14. axb4 Nxb4 15. Bb3 Bc6 16. d5 Nbxd5 17. exd5 Bd7 18. Be3 Ng4 19. h3 Nxe3 20. Rxe3 Bf6 21. Ba4 Rxe3 22. fxe3 Bxa4 23. Rxa4 Qd7 24. Ra3 h6 25. Nh2 Bg5 26. Kf2 Qe7 27. Kf1 Bh4 28. Qe2 Rb8 29. Nf3 Bg3 30. Nb5 0-1